Statistics for Red White and Royal Blue

Click here to take the quiz!

General Stats

  • This quiz has been taken 97 times
  • The average score is 11 of 24

Answer Stats

HintAnswer% Correct
Country Alex is fromUSA
90%
Country Henry is fromUK
85%
Alex's last nameClaremont- Diaz
78%
Name of Henry's dadArthur Fox
72%
Name of Alex's sisterJune
72%
Name of Alex's mumEllen Claremont
70%
Name of Henry's sisterBeatrice
63%
Name of Alex's dadOscar Diaz
63%
Name of Henry's brotherPhilip
58%
Who plays AlexTaylor Zakhar Perez
48%
Who plays HenryNicholas Galitzine
47%
What is his nicknamePez
47%
What year was the event above2016
45%
Name of the trio Alex and his sister are inWhite House Trio
37%
Nickname Alex calls JuneJunebug
35%
Henry's last nameFox-Mountchristen-Windsor
33%
Who plays Alex's mumUma Thurman
32%
Name of Alex's favourite senatorRafael Luna
30%
Name of Henry's best friendPercy Okonjo
28%
Who wrote the book that the movie is based onCasey McQuiston
27%
Name of Henry's mumCatherine
27%
Last member of the trioNora Holleran
27%
Alex's mums jobPresident of the USA
18%
Where Alex and Henry first metRio Olympics
13%

Score Distribution

Percentile by Number Answered

Percent of People with Each Score

Your Score History

You have not taken this quiz